000 00315nam a22001337a 4500
008 170615b xxu||||| |||| 00| 0 eng d
020 _a9780198277781
041 _aeng
080 _a327
100 _a19
101 _aSHP
245 _aTHE INTERNATIONAL POLITICS OF THE ENVIRONMENT
_cHURRELL, A
942 _2udc
_cBK
999 _c17562
_d17562